Theological theses/dissertations in Africa / (Record no. 15003)
[ view plain ]
| 000 -LEADER | |
|---|---|
| fixed length control field | 00579nam a22001932 4500 |
| 001 - CONTROL NUMBER | |
| control field | 0000005403 |
| 005 - DATE AND TIME OF LATEST TRANSACTION | |
| control field | 20151217161136.0 |
| 008 - FIXED-LENGTH DATA ELEMENTS--GENERAL INFORMATION | |
| fixed length control field | 070613s xx 000 0 eng d |
| 040 ## - CATALOGING SOURCE | |
| Original cataloging agency | KABU |
| Transcribing agency | KABU |
| 050 #0 - LIBRARY OF CONGRESS CALL NUMBER | |
| Classification number | Z7757 |
| Item number | .A37T44 |
| 245 10 - TITLE STATEMENT | |
| Title | Theological theses/dissertations in Africa / |
| Statement of responsibility, etc. | compiled by Graham Naude. |
| 260 ## - PUBLICATION, DISTRIBUTION, ETC. (IMPRINT) | |
| Place of publication, distribution, etc. | [Nairobi] : |
| Name of publisher, distributor, etc. | AEA, |
| Date of publication, distribution, etc. | 2003. |
| 300 ## - PHYSICAL DESCRIPTION | |
| Extent | 43 p. |
| 650 #0 - SUBJECT ADDED ENTRY--TOPICAL TERM | |
| Topical term or geographic name as entry element | Theology |
| Geographic subdivision | Africa |
| General subdivision | Bibliography. |
| -- | 0000156711 |
| 700 1# - ADDED ENTRY--PERSONAL NAME | |
| Personal name | Naude, Graham. |
| -- | 0000156712 |
| 908 ## - PUT COMMAND PARAMETER (RLIN) | |
| Put command parameter | 070613 |
| 950 ## - LOCAL HOLDINGS (RLIN) | |
| -- | 1 |
| Withdrawn status | Lost status | Source of classification or shelving scheme | Not for loan | Home library | Current library | Date acquired | Total Checkouts | Full call number | Barcode | Date last seen | Price effective from | Koha item type |
|---|---|---|---|---|---|---|---|---|---|---|---|---|
| Library of Congress Classification | Not For Loan | Kabarak, Main Campus | Kabarak, Main Campus | 17/12/2015 | Z7757 .A37T44 | 010036 | 17/12/2015 | 17/12/2015 | Reference |